Top UK Settlements By Letters Contained Quiz Stats

 Plays Quiz Updated Aug 30, 2017

Score 0/120 Timer 08:00
10 Plays Today
% Correct
London
99%
London
99%
London
99%
London
99%
Manchester
94.4%
Manchester
94.4%
Manchester
94.4%
Manchester
94.4%
Manchester
94.4%
Manchester
94.4%
Manchester
94.4%
Manchester
94.4%
Manchester
94.4%
Birmingham
91.2%
Birmingham
91.2%
Birmingham
91.2%
Birmingham
91.2%
Birmingham
91.2%
Birmingham
91.2%
Birmingham
91.2%
Birmingham
91.1%
Liverpool
89.5%
Liverpool
89.5%
Liverpool
89.5%
Liverpool
89.5%
Liverpool
89.5%
Liverpool
89.5%
Liverpool
89.5%
Glasgow
89.4%
Glasgow
89.4%
Glasgow
89.4%
Glasgow
89.4%
Glasgow
89.4%
Glasgow
89.4%
Edinburgh
86.9%
Edinburgh
86.9%
Edinburgh
86.9%
Edinburgh
86.9%
Edinburgh
86.9%
Edinburgh
86.9%
% Correct
Edinburgh
86.9%
Edinburgh
86.9%
Edinburgh
86.9%
Leeds
82.4%
Leeds
82.4%
Leeds
82.4%
Leeds
82.4%
Cardiff
81%
Cardiff
81%
Cardiff
81%
Newcastle-upon-Tyne
76.6%
Newcastle-upon-Tyne
76.6%
Bristol
72.3%
Bristol
72.3%
Bristol
72.3%
Bristol
72.3%
Bristol
72.3%
Bristol
72.3%
Belfast
69.3%
Belfast
69.3%
Sheffield
67.8%
Sheffield
67.8%
Sheffield
67.8%
Sheffield
67.8%
Sheffield
67.8%
Sheffield
67.8%
Sheffield
67.3%
Oxford
65%
York
64.4%
Southampton
62.6%
Southampton
62.6%
Nottingham
61.7%
Nottingham
61.7%
Leicester
57%
Leicester
57%
Exeter
55.9%
Kingston-upon-Hull
55.4%
Kingston-upon-Hull
55.4%
Kingston-upon-Hull
55.4%
Kingston-upon-Hull
55.4%
% Correct
Kingston-upon-Hull
55.4%
Kingston-upon-Hull
55.4%
Norwich
55%
Plymouth
54.1%
Plymouth
54.1%
Plymouth
54.1%
Plymouth
54.1%
Coventry
51.1%
Coventry
51.1%
Coventry
51.1%
Coventry
51.1%
Coventry
51.1%
Coventry
51.1%
Derby
47.9%
Bradford
47.2%
Bradford
47.2%
Bradford
47.2%
Bradford
47.2%
Wolverhampton
44.1%
Wolverhampton
44.1%
Wolverhampton
44.1%
Wolverhampton
44.1%
Stoke-on-Trent
40.7%
Blackpool
34.5%
Milton Keynes
25.6%
Milton Keynes
25.5%
Huddersfield
20.3%
Torquay
19.1%
Wrexham
18.9%
Halifax
17.1%
Jarrow
15.2%
Penzance
14.5%
Walsall
10.9%
Dudley
9.8%
Dudley
9.8%
Hove
7.8%
Stevenage
6%
Johnstone
5.6%
Leighton Buzzard
5.5%
Bexhill-on-Sea
3.5%

You're not logged in!

Compare scores with friends on all Sporcle quizzes.
OR
Log In

Sporcle TV

Today on Sporcle TV


Watch our educational content, quiz creation guides, and fun videos on Sporcle TV.

Show Comments

Extras

Top Quizzes Today


Score Distribution

Your Account Isn't Verified!

In order to create a playlist on Sporcle, you need to verify the email address you used during registration. Go to your Sporcle Settings to finish the process.

Report this User

Report this user for behavior that violates our Community Guidelines.

Details: